MARC details
| 000 -LEADER |
| campo de control de longitud fija |
02193cam a2200493 a 4500 |
| 003 - IDENTIFICADOR DE NÚMERO DE CONTROL |
| campo de control |
BJBSDDR |
| 005 - FECHA Y HORA DE LA ÚLTIMA TRANSACCIÓN |
| campo de control |
20230410103646.0 |
| 007 - CAMPO FIJO DE DESCRIPCIÓN FÍSICA--INFORMACIÓN GENERAL |
| campo de control de longitud fija |
ta |
| 008 - DATOS DE LONGITUD FIJA--INFORMACIÓN GENERAL |
| campo de control de longitud fija |
100422s2010 nyu b 001 0 eng |
| 020 ## - NÚMERO INTERNACIONAL ESTÁNDAR DEL LIBRO |
| Número Internacional Estándar del Libro |
9780465002399 (alk. paper) |
| 035 ## - NÚMERO DE CONTROL DEL SISTEMA |
| Número de control de sistema |
16199093 |
| 040 ## - FUENTE DE CATALOGACIÓN |
| Centro catalogador/agencia de origen |
DLC |
| Centro/agencia transcriptor |
DLC |
| Lengua de catalogación |
spa |
| 041 ## - CÓDIGO DE IDIOMA |
| Código de lengua del texto/banda sonora o título independiente |
spa |
| 043 ## - CÓDIGO DE ÁREA GEOGRÁFICA |
| Código de área geográfica |
ee----- |
| -- |
e-gx--- |
| -- |
e-ur--- |
| 050 14 - SIGNATURA TOPOGRÁFICA DE LA BIBLIOTECA DEL CONGRESO |
| Número de clasificación |
300 DJK 49 |
| Número de ítem |
S675b 2010 |
| 082 00 - NÚMERO DE LA CLASIFICACIÓN DECIMAL DEWEY |
| Número de clasificación |
940.54/050947 |
| 100 1# - ENTRADA PRINCIPAL--NOMBRE DE PERSONA |
| Nombre de persona |
Snyder, Timothy |
| Fechas asociadas al nombre |
1969- |
| 245 10 - MENCIÓN DEL TÍTULO |
| Título |
Bloodlands : |
| Resto del título |
Europe between Hitler and Stalin / |
| Mención de responsabilidad, etc. |
Timothy Snyder. |
| 260 ## - PUBLICACIÓN, DISTRIBUCIÓN, ETC. |
| Lugar de publicación, distribución, etc. |
New York : |
| Nombre del editor, distribuidor, etc. |
Basic Books, |
| Fecha de publicación, distribución, etc. |
c2010. |
| 300 ## - DESCRIPCIÓN FÍSICA |
| Extensión |
xix, 524 p. : |
| Otras características físicas |
maps ; |
| Dimensiones |
25 cm. |
| 504 ## - NOTA DE BIBLIOGRAFÍA, ETC. |
| Nota de bibliografía, etc. |
Includes bibliographical references (p. 423-462) and index. |
| 505 0# - NOTA DE CONTENIDO CON FORMATO |
| Nota de contenido con formato |
Hitler and Stalin -- The Soviet famines -- Class terror -- National terror -- Molotov-Ribbentrop Europe -- The economics of apocalypse -- Final solution -- Holocaust and revenge -- The Nazi death factories -- Resistance and incineration -- Ethnic cleansings -- Stalinist antisemitism -- Humanity. |
| 600 10 - PUNTO DE ACCESO ADICIONAL DE MATERIA--NOMBRE DE PERSONA |
| Nombre de persona |
Stalin, Joseph, |
| Fechas asociadas al nombre |
1878-1953. |
| 600 10 - PUNTO DE ACCESO ADICIONAL DE MATERIA--NOMBRE DE PERSONA |
| Nombre de persona |
Hitler, Adolf, |
| Fechas asociadas al nombre |
1889-1945. |
| 600 14 - PUNTO DE ACCESO ADICIONAL DE MATERIA--NOMBRE DE PERSONA |
| Nombre de persona |
Stalin, Joseph |
| Fechas asociadas al nombre |
1878-1953. |
| Subdivisión general |
Pensamiento político y social |
| 600 14 - PUNTO DE ACCESO ADICIONAL DE MATERIA--NOMBRE DE PERSONA |
| Nombre de persona |
Hitler, Adolf |
| Fechas asociadas al nombre |
1889-1945. |
| Subdivisión general |
Pensamiento político y social |
| 650 #0 - PUNTO DE ACCESO ADICIONAL DE MATERIA--TÉRMINO DE MATERIA |
| Término de materia o nombre geográfico como elemento de entrada |
Genocide |
| Subdivisión geográfica |
Europe, Eastern |
| Subdivisión general |
History |
| Subdivisión cronológica |
20th century. |
| 650 #0 - PUNTO DE ACCESO ADICIONAL DE MATERIA--TÉRMINO DE MATERIA |
| Término de materia o nombre geográfico como elemento de entrada |
Massacres |
| Subdivisión geográfica |
Europe, Eastern |
| Subdivisión general |
History |
| Subdivisión cronológica |
20th century. |
| 650 #0 - PUNTO DE ACCESO ADICIONAL DE MATERIA--TÉRMINO DE MATERIA |
| Término de materia o nombre geográfico como elemento de entrada |
Holocaust, Jewish (1939-1945) |
| 650 #0 - PUNTO DE ACCESO ADICIONAL DE MATERIA--TÉRMINO DE MATERIA |
| Término de materia o nombre geográfico como elemento de entrada |
World War, 1939-1945 |
| Subdivisión general |
Atrocities. |
| 650 #4 - PUNTO DE ACCESO ADICIONAL DE MATERIA--TÉRMINO DE MATERIA |
| Término de materia o nombre geográfico como elemento de entrada |
Holocausto judío (1939-1945) |
| 9 (RLIN) |
237 |
| 650 #4 - PUNTO DE ACCESO ADICIONAL DE MATERIA--TÉRMINO DE MATERIA |
| Término de materia o nombre geográfico como elemento de entrada |
Judíos en Europa. |
| 9 (RLIN) |
239 |
| 650 #0 - PUNTO DE ACCESO ADICIONAL DE MATERIA--TÉRMINO DE MATERIA |
| Término de materia o nombre geográfico como elemento de entrada |
Guerra Mundial II, 1939-1945 |
| Subdivisión general |
Atrocidades |
| 9 (RLIN) |
240 |
| 650 #0 - PUNTO DE ACCESO ADICIONAL DE MATERIA--TÉRMINO DE MATERIA |
| Término de materia o nombre geográfico como elemento de entrada |
Genocidio |
| Subdivisión general |
Historia |
| 9 (RLIN) |
241 |
| 650 #0 - PUNTO DE ACCESO ADICIONAL DE MATERIA--TÉRMINO DE MATERIA |
| Término de materia o nombre geográfico como elemento de entrada |
Masacres |
| Subdivisión general |
Historia |
| 9 (RLIN) |
242 |
| Subdivisión geográfica |
Europa Oriental |
| 651 #0 - PUNTO DE ACCESO ADICIONAL DE MATERIA--NOMBRE GEOGRÁFICO |
| Nombre geográfico |
Europe, Eastern |
| Subdivisión general |
History |
| Subdivisión cronológica |
1918-1945. |
| 651 #0 - PUNTO DE ACCESO ADICIONAL DE MATERIA--NOMBRE GEOGRÁFICO |
| Nombre geográfico |
Soviet Union |
| Subdivisión general |
History |
| Subdivisión cronológica |
1917-1936. |
| 651 #0 - PUNTO DE ACCESO ADICIONAL DE MATERIA--NOMBRE GEOGRÁFICO |
| Nombre geográfico |
Germany |
| Subdivisión general |
History |
| Subdivisión cronológica |
1933-1945. |
| 651 #0 - PUNTO DE ACCESO ADICIONAL DE MATERIA--NOMBRE GEOGRÁFICO |
| Nombre geográfico |
Unión Soviética |
| Subdivisión general |
Historia |
| Subdivisión cronológica |
1917-1936 |
| 9 (RLIN) |
243 |
| 651 #0 - PUNTO DE ACCESO ADICIONAL DE MATERIA--NOMBRE GEOGRÁFICO |
| Nombre geográfico |
Europa |
| Subdivisión general |
Historia |
| Subdivisión cronológica |
1918-1945 |
| 9 (RLIN) |
244 |
| 856 42 - LOCALIZACIÓN Y ACCESO ELECTRÓNICOS |
| Materiales especificados |
Book review (H-Net) |
| Identificador Uniforme de Recursos |
<a href="http://www.h-net.org/reviews/showrev.php?id=32567">http://www.h-net.org/reviews/showrev.php?id=32567</a> |
| 856 42 - LOCALIZACIÓN Y ACCESO ELECTRÓNICOS |
| Materiales especificados |
Book review (H-Net) |
| Identificador Uniforme de Recursos |
<a href="http://www.h-net.org/reviews/showrev.php?id=32932">http://www.h-net.org/reviews/showrev.php?id=32932</a> |
| 942 ## - ELEMENTOS DE ENTRADA SECUNDARIOS (KOHA) |
| Fuente del sistema de clasificación o colocación |
Clasificación de Library of Congress |
| Tipo de ítem Koha |
Libro |